| 000 | 00595nam a2200181 u 4500 | ||
|---|---|---|---|
| 001 | 000461157 | ||
| 003 | AM-YeHGA | ||
| 005 | 20250617133607.0 | ||
| 008 | 051101s1980 ||| r 000 0 rus d | ||
| 040 | _aAM-YeHGA | ||
| 041 | 0 | _arus | |
| 100 | 1 | _aБылинов, Александр Иосифович | |
| 245 | 1 | 0 |
_aВыбор : _bПовесть и рассказы / _cАлександр Былинов. |
| 260 |
_aДнепропетровск : _bПромiнь, _c1980. |
||
| 300 |
_a350 с. _bил. |
||
| 653 | 0 | _aРусская советская литература | |
| 090 | _c169409 | ||
| 999 |
_c167979 _d167979 |
||